000 00667nam a2200229 a 4500
001 000012749
005 20200929163052.0
008 091116s2001 pr 000 f spa d
020 _a1563281929
040 _aDO-SdBNP
_bspa
_cBNPHU
082 _aCu863.44
_bP438cr
100 1 _aPérez Sarduy, pedro,
_d1943-
_925222
245 1 4 _aLas criadas de la habana /
_cPedro Pérez Sarduy.
260 _aSan Juan, (Puerto Rico) :
_bPlaza de León,
_c2001.
300 _a294 p. ;
_c24 cm.
490 1 _aCultura Cubana
650 4 _aNovela cubana
_92316
650 4 _aLiteratura cubana
_ySIGLO XX
_99186
830 0 _aCultura Cubana
_929535
910 _aWM
049 _aBNGR
999 _c12400
_d12400